000 00946nam a2200265Ia 4500
001 Z_3772
003 CHAP
008 220113s1980 xx 000 0 und d
010 _a163601
040 _cCHAP
090 _aR-87
100 _aLozano, E
_9137763
245 _aDesarrollo de subsistemas de alimentación de bovinos con rastrojo de frijol (Phaseolus vulgaris L.) II. Balance metabólico a varios niveles de energía y proteína suplementaria /
_cpor E. Lozano, M. E. Ruiz y A. Ruiz
260 _aTurrialba, Costa Rica :
_bCATIE,
_c1980
300 _a6 p.
500 _areimpreso de : Turrialba vol. 30 no. 1 1980 pp. 63-70
650 _aAlimentos y alimentación
_9137761
650 _aFrijol
_xSubproductos II. Balance metábolico a varios niveles de energía suplementaria II. t. III. Ruiz, M E IV. Ruiz, A
_9137765
901 _aR-87
902 _aM
910 _a1980
942 _cc14
942 _cc14
999 _c163601
_d163601